000 00427nam a2200193Ia 4500
003 OSt
005 20251107101647.0
008 250729s2003 xx 000 0 und d
020 _a978-8124303566
040 _cAL
041 _aeng
082 _a954 KHAV
100 _aKhandpur Swarn
_9224021
245 _aVision of india
260 _aMumbai
_c2003
300 _a40p
650 _aHistory
_9224022
942 _2ddc
_cBED
999 _c236202
_d236202